Michael Housden and another v The conservators of Wimbledon and Putney commons (Record no. 80189)
[ view plain ]
| 000 -LEADER | |
|---|---|
| fixed length control field | 02010cad a22002295a 4500 |
| 001 - CONTROL NUMBER | |
| control field | L143459 |
| 008 - FIXED-LENGTH DATA ELEMENTS--GENERAL INFORMATION | |
| fixed length control field | 080513e20080318xxk f v 000 0 eng d |
| 035 ## - SYSTEM CONTROL NUMBER | |
| System control number | (Sirsi) u143459 |
| 041 0# - LANGUAGE CODE | |
| Language code of text/sound track or separate title | eng |
| 245 00 - TITLE STATEMENT | |
| Title | Michael Housden and another v The conservators of Wimbledon and Putney commons |
| Medium | [electronic resource] |
| 260 ## - PUBLICATION, DISTRIBUTION, ETC. | |
| Date of publication, distribution, etc. | 2008 |
| 520 ## - SUMMARY, ETC. | |
| Summary, etc. | [2008] EWCA Civ 200, 18 March 2008. Considers whether the Wimbledon and Putney Commons Act 1871 granted the conservators of those commons the right to grant an easement as a right of way over part of the commons. The appellants (H) argued that the Act gave the respondent conservators of the commons (C) the power to register an easement reflecting H's open use of part of the commons, by foot and vehicle for access to their property, for over 40 years. C appealed against the decision of the Land Registry adjudicator and the judge on appeal that the Act did not grant C this power and therefore the acquisition of prescriptive right of way was barred to H. "Held": The Act contained the need to conserve the commons for the purposes of an increasing local population without alienating parts of the commons from that population. The granting of an easement for access only did not run contrary to that purpose. It would not constitute unlawful disposal of part of the commons. The judge noted that if access rights were not granted this would run contrary to the rights of acquisition offered by the Prescription Act 1832 section 2. Appeal allowed. |
| 590 ## - LOCAL NOTE (RLIN) | |
| Local note | KA |
| 650 24 - SUBJECT ADDED ENTRY--TOPICAL TERM | |
| Topical term or geographic name entry element | HOUSDEN AND ANOTHER V THE CONSERVATORS OF WIMBLEDON AND PUTNEY COMMONS |
| 650 24 - SUBJECT ADDED ENTRY--TOPICAL TERM | |
| Topical term or geographic name entry element | STAFFORDSHIRE AND WORCESTERSHIRE CANAL NAVIGATION V BIRMINGHAM CANAL NAVIGATIONS |
| 650 24 - SUBJECT ADDED ENTRY--TOPICAL TERM | |
| Topical term or geographic name entry element | WIMBLEDON AND PUTNEY COMMONS ACT 1871 |
| 650 24 - SUBJECT ADDED ENTRY--TOPICAL TERM | |
| Topical term or geographic name entry element | PRESCRIPTION ACT 1832 S2 |
| 651 #4 - SUBJECT ADDED ENTRY--GEOGRAPHIC NAME | |
| Geographic name | England and Wales |
| Chronological subdivision | 1543- |
| 690 ## - LOCAL SUBJECT ADDED ENTRY--TOPICAL TERM (OCLC, RLIN) | |
| Topical term or geographic name as entry element | Boundary disputes |
| 9 (RLIN) | 6221 |
| 856 40 - ELECTRONIC LOCATION AND ACCESS | |
| Uniform Resource Identifier | <a href="https://www.bailii.org/ew/cases/EWCA/Civ/2008/200.html">https://www.bailii.org/ew/cases/EWCA/Civ/2008/200.html</a> |
| Public note | View the judgment free of charge at www.bailii.org... |
| 942 ## - ADDED ENTRY ELEMENTS (KOHA) | |
| Suppress in OPAC | 0 |
| Withdrawn status | Lost status | Source of classification or shelving scheme | Damaged status | Not for loan | Home library | Current library | Shelving location | Date acquired | Total Checkouts | Full call number | Barcode | Date last seen | Copy number | Price effective from | Koha item type |
|---|---|---|---|---|---|---|---|---|---|---|---|---|---|---|---|
| Dewey Decimal Classification | Virtual | Virtual | Online | 13/05/2008 | ONLINE PUBLICATION | 143459-1001 | 06/08/2019 | 1 | 06/08/2019 | Law report |